[Event "Regionalliga SW 0708"]
[Site "Bayern"]
[Date "2008.04.20"]
[Round "9.8"]
[White "Krombholz, Martin"]
[Black "Lausmann, Mike"]
[Result "1/2-1/2"]
[WhiteElo "1903"]
[BlackElo "1888"]
[PlyCount "71"]
[EventDate "2007.10.21"]
[EventType "team-tourn"]
[EventRounds "9"]
[EventCountry "GER"]
[SourceTitle "EXT 2009"]
[Source "ChessBase"]
[SourceDate "2008.11.26"]
[SourceVersion "1"]
[SourceVersionDate "2008.11.26"]
[SourceQuality "1"]
[WhiteTeam "Muenchen Tarrasch II"]
[BlackTeam "Unterhaching"]
[WhiteTeamCountry "GER"]
[BlackTeamCountry "GER"]

1. e4 c5 2. d4 cxd4 3. c3 d5 4. exd5 Qxd5 5. cxd4 Nc6 6. Nf3 e5 7. Be3 Bb4+ 8. Nc3 Bg4 9. Be2 Bxc3+ 10. bxc3 e4 11. Nd2 Bxe2 12. Qxe2 Nge7 13. c4 Qf5 14. 0-0 0-0 15. f3 exf3 16. Nxf3 Ng6 17. d5 Nce5 18. Bd4 Nxf3+ 19. Rxf3 Qg4 20. Qf2 b6 21. Rf1 f6 22. c5 bxc5 23. Bxc5 Rf7 24. Rb3 Rd7 25. d6 Re8 26. Re1 Rxe1+ 27. Qxe1 Kf7 28. h3 Qe4 29. Qe3 Qe6 30. Bxa7 Qxd6 31. Bc5 Qc7 32. Rb1 Ne5 33. Qb3+ Kg6 34. Qg3+ Kf7 35. Qb3+ Kg6 36. Qg3+ 1/2-1/2